| 000 | 00555nmm a2200181Ia 4500 | ||
|---|---|---|---|
| 008 | 251105s9999||||xx |||||||||||||||||und|| | ||
| 020 | _a8484295923 | ||
| 041 | _aspa | ||
| 100 | _aRueda Sánchez, Mercedes | ||
| 245 | 0 | _aLa intervención educativa en alumnos con dificultades de aprendizaje | |
| 264 |
_a[Madrid, España] : _bUOC Papers, _c2002 |
||
| 300 | _a56 páginas | ||
| 650 | _aEducation | ||
| 700 | _aRueda Sánchez, Mercedes | ||
| 700 | 1 | _a Sánchez Miguel, Emilio | |
| 856 | _uhttps://public.digitaliapublishing.com/a/5737 | ||
| 942 | _cCF | ||
| 999 |
_c70835 _d70835 |
||